Every Ring 7 Tower - Statistics

General Stats
  • This quiz has been taken 5 times
  • The average score is 7 of 13
Answer Stats
Difficulty Tower % Correct
Challenging Tower of {Distorted Aerodynamics}
100%
Remorseless Tower of {Ultraviolet}
100%
Remorseless Tower of {Yearning Victory}
100%
Remorseless Citadel of {True Exasperation}
50%
Challenging Tower of {Collective Collaboration}
50%
Catastrophic Tower of {Elongated Runs}
50%
Insane Tower of {Extreme Hell}
50%
Remorseless Tower of {Never Ending Dizziness}
50%
Intense Tower of {Never Giving Up, Ever}
50%
Difficult Tower of {Rushed Building}
50%
Extreme Tower of {Terrifying Beauty}
50%
Challenging Tower of {Feeling Lazy}
0%
Intense Tower of {Orientating Oscillating Opinions}
0%
No matching quizzes found
Score Distribution
Percent of People with Each Score
Percentile by Number Answered
Your Score History
You have not taken this quiz